Irish Counties, in Irish - Statistics

General Stats
  • This quiz has been taken 25 times
  • The average score is 12 of 29
Answers on the Map
Answers color-coded by a green-red scale on the quiz's map according to % correct below.
 
Answer Stats
English Answer % Correct
Louth
78%
Clare An Clár
67%
Dublin Baile Átha Cliath
67%
Cork Corcaigh
67%
Cavan An Cabhán
61%
Meath An Mhí
61%
Kerry Ciarraí
56%
Kildare Cill Dara
50%
Galway Gaillimh
50%
Laois Laois
50%
Waterford Port Láirge
50%
Donegal Dún na nGall
44%
Mayo Maigh Eo
44%
Sligo Sligeach
44%
Limerick Luimneach
39%
Longford An Longfort
33%
Leitrim Liatroim
33%
Wexford Loch Garman
33%
Tipperary Tiobraid Árann
33%
Westmeath An Iarmhí
28%
Kilkenny Cill Chainnigh
28%
Roscommon Ros Comáin
28%
Offaly Uíbh Fhailí
28%
Carlow Ceatharlach
22%
Wicklow Cill Mhantáin
22%
Dún Laoghaire–Rathdown Dún Laoghaire–Ráth an Dúin
17%
Monaghan Muineachán
17%
South Dublin Áth Cliath Theas
11%
Fingal Fine Gall
11%
No matching quizzes found
Score Distribution
Percent of People with Each Score
Percentile by Number Answered
Your Score History
You have not taken this quiz